000 01105nam a22002057a 4500
003 JO-AjAnu
005 20250929132709.0
008 250929b jo ||||| |||| 00| 0 ara d
040 _aJO-AjAnu
_bara
_cJO-AjAnu
_dJO-AjAnu
_erda
041 0 _aara
_hara
050 _aKMM127.3
_b2025
100 1 _aالفراية، عصام محمد هلال
_eمعد
_966714
245 0 _aالأحكام القانونية لعقد العمل محدد المدة : (قانون العمل الأردني) = Legal Provisions for Fixed-Term Employment Contracts (Jordanian Labor Law) : /
_cاعداد عصام محمد هلال الفراية ؛ اشراف طلال ياسين العيسى
260 _c2025.
300 _a122 ورقة
504 _aرسالة جامعية( رسالة ماجستير في القانون)- جامعة عجلون الوطنية (عجلون، الاردن)-كلية الحقوق، قسم القانون، 2025.
650 7 _aعقود العمل- قوانين وتشريعات- الاردن.
_966715
700 1 _aالعيسى، طلال ياسين
_964930
_eمشرف
942 _2lcc
_cTHS
_n0
999 _c34019
_d34019